Statistics for A MINECRAFT Quiz For You!!

Click here to take the quiz!

General Stats

  • This quiz has been taken 90 times
  • The average score is 10 of 15

Answer Stats

HintAnswer% Correct
Main CharacterSteve
99%
You Fight This in the EndEnder Dragon
96%
Rip-off of SlendermenEndermen
93%
Girl CharacterAlex
91%
Newest Update1.16
83%
2nd Best ArmourDiamond
83%
Green OreEmerald
81%
Yellow OreGold
80%
Strongest ArmourNetherite
76%
What Year did Above Come out?2020
71%
Preston-----(s)Playz
65%
Most Famous Minecraft YoutuberPewdiepie
45%
Preston's Minecraft NameTBNRFrags
20%
Real Name of UnspeakableGamingNathan
19%
Above's Sheepjeb_
17%

Score Distribution

Percentile by Number Answered

Percent of People with Each Score

Your Score History

You have not taken this quiz